000 00728nam a2200289Ia 4500
005 20260324112229.0
008 008 260324s9999 xx 000 0 eng d
020 _a9781003309352
037 _aEBOOK
040 _aCRL
040 _beng
040 _cCRL
041 _2eng
041 _aeng
084 _qCRL
100 _aRadmila Stefkova; Julia R. Brown; Tamara R. Williams
_91141831
245 0 _aWomen Photographers and Mexican Modernity
245 0 _bFraming the Twentieth Century
260 _bTaylor and Francis
260 _c2024
365 _a
365 _b230
856 _uhttp://www.taylorfrancis.com/books/9781003309352
942 _cEBOOK
999 _c1730966
_d1730966